Statistics for 2023-24 NFL PASSING YARDS LEADERS

Click here to take the quiz!

General Stats

  • This quiz has been taken 119 times
  • The average score is 7 of 10

Answer Stats

HintAnswer% Correct
4183Patrick Mahomes
95%
4624Tua Tagovailoa
86%
4306Josh Allen
83%
4575Jared Goff
79%
4280Brock Purdy
71%
4516Dak Prescott
69%
4108C.J. Stroud
67%
4044Baker Mayfield
53%
4159Jordan Love
53%
4016Trevor Lawrence
29%

Score Distribution

Percentile by Number Answered

Percent of People with Each Score

Your Score History

You have not taken this quiz